Most Appearances & Goals at the FIFA World Cup for Belgium - Statistics

General Stats
  • This quiz has been taken 113 times
  • The average score is 11 of 26
Answer Stats
Answer % Correct
Eden Hazard
97%
Romelu Lukaku
97%
Kevin De Bruyne
93%
Thibaut Courtois
86%
Jan Vertonghen
85%
Toby Alderweireld
77%
Dries Mertens
69%
Axel Witsel
64%
Marouane Fellaini
64%
Marc Wilmots
47%
Enzo Scifo
45%
Jan Ceulemans
42%
Michy Batshuayi
42%
Franky Van Der Elst
33%
Eric Gerets
29%
Philippe Albert
21%
Georges Grun
16%
Erwin Vandenbergh
15%
Wilfried Van Moer
15%
Frank Vercauteren
14%
Stephane Demol
13%
Bernard Voorhoof
11%
Nico Claesen
10%
Raoul Lambert
4%
Leopold Anoul
3%
Marc De Grijse
3%
No matching quizzes found
Score Distribution
Percent of People with Each Score
Percentile by Number Answered
Your Score History
You have not taken this quiz